| 000 | 00476cam a2200145 4500 | ||
|---|---|---|---|
| 082 | 0 | 0 |
_a621.3848 _bNAT _cL-11 P-132. |
| 100 | 1 |
_aNathanson, Fred E. _941664 |
|
| 245 | 1 | 0 |
_aRadar design principles; _bsignal processing and the environment _c[by] Fred E. Nathanson. |
| 260 |
_aNew York, _bMcGraw-Hill Book Co. _c[1969] |
||
| 300 |
_axiii, 626 p. _billus. _c23 cm. |
||
| 526 |
_a0 _b0 _c0 _d621_384800000000000_NAT |
||
| 650 | 0 |
_aMCE _9379 |
|
| 650 | 0 |
_aRadar. _928728 |
|
| 942 |
_2ddc _cBK |
||
| 999 |
_c545711 _d545711 |
||